Studio sex / (Registro nro. 10835)

Detalles MARC
000 -LIDER
fixed length control field 00870cam a2200337 c 4500
001 - NÚMERO DE CONTROL
Identificador de número de control a50642
003 - IDENTIFICACDOR DE NÚMERO DE CONTROL
control field DO-SdBNP
005 - DATE AND TIME OF LATEST TRANSACTION
control field 20221108125417.0
007 - CAMPOS FIJOS DE DESCRIPCIÓN FÍSICA
fixed length control field a50642
008 - ELEMENTOS DE LONGITUD FIJA
fixed length control field 110614s2011 sp | |||| 000 f spa
015 ## - NÚMERO DENTRO DE LA BIBLIOGRAFÍA NACIONAL
National bibliography number
017 ## - NÚMERO DE REGISTRO DE DERECHOS DE AUTOR
Copyright or legal deposit number
Assigning agency
020 ## - ISBN
International Standard Book Number 9788466315739
035 ## - NÚMERO LOCAL
System control number
040 ## - FUENTE DE CATALOGACIÓN
Agencia que crea de manera original el registro BPMSU
Idioma de catalogación spa
Agencia que realiza la transcripción BPMSU
Convenciones de la despripción
080 ## - NÚMERO DE CLASIFICACIÓN DECIMAL UNIVERSAL
Universal Decimal Classification number
082 #4 - NÚMERO DE CLASIFICACIÓN DECIMAL DE DEWEY
Classification number 839.736
Item number M346s 2011
Edition number 22
100 1# - ASIENTO PRINCIPAL -- NOMBRE PERSONAL
Nombre personal Marklund, Liza
Fechas asociadas con el nombre 1962-
245 10 - MENCIÓN DE TITULO
Título Studio sex /
Mención de responsabilidad Liza Marklund ; traducción de Carlos del Valle
Medio (Designación general de material)
250 ## - MENCIÓN DE EDICION
Mención de edición
260 ## - PUBLICACIÓN, DISTRIBUCIÓN, ETC. (PIE DE IMPRENTA)
Lugar de publicación, distribución, etc [Madrid] :
Nombre del editor, distribuidor, etc. Punto de Lectura,
Fecha de publicación, distribución, etc 2011.
300 ## - DESCRIPCIÓN FÍSICA
Extensión 395 p. ;
Dimensiones 22 cm
490 0# - MENCIÓN DE SERIES
Mención de serie Punto de lectura
Volume/sequential designation 477/1
500 ## - NOTA GENERAL
Nota general
590 ## - NOTA LOCAL
Enlace Inventariado, 2022/VM
650 #4 - ENCABEZAMIENTO DE MATERIA--TEMÁTICO
Término temático o nombre geográfico como elemento de entrada Novela sueca.
650 #4 - ENCABEZAMIENTO DE MATERIA--TEMÁTICO
Término temático o nombre geográfico como elemento de entrada Periodismo
Subdivisión de forma Novela.
700 1# - ASIENTO SECUNDARIO -- NOMBRE PERSONAL
Nombre personal Valle Rodríguez, Carlos del
Mención de responsabilidad tr.
910 ## - VALIDACIÓN
Validación VMateo V. /Validado
942 ## - ADDED ENTRY ELEMENTS (KOHA)
Source of classification or shelving scheme Dewey Decimal Classification
Koha item type Libros
Existencias
Withdrawn status Lost status Source of classification or shelving scheme Damaged status Not for loan Collection code Home library Current library Date acquired Source of acquisition Full call number Barcode Date last seen Price effective from Koha item type Copy number
    Dewey Decimal Classification     Colección Juvenil General Biblioteca Pública Metropolitana Salomé Ureña Biblioteca Pública Metropolitana Salomé Ureña 07/12/2016 ALFAGUARA BPMSU CG 839.736 M346s 2011 BPMSU18020075 07/12/2016 07/12/2016 Libros  
    Dewey Decimal Classification     Colección Juvenil General Biblioteca Pública Metropolitana Salomé Ureña Biblioteca Pública Metropolitana Salomé Ureña 07/12/2016 ALFAGUARA BPMSU CG 839.736 M346s 2011 BPMSU16070404 07/12/2016 07/12/2016 Libros e.2
    Dewey Decimal Classification     Colección Juvenil General Biblioteca Pública Metropolitana Salomé Ureña Biblioteca Pública Metropolitana Salomé Ureña 07/12/2016 ALFAGUARA BPMSU CG 839.736 M346s 2011 BPMSU16070405 07/12/2016 07/12/2016 Libros e.3